| 000 | 01829cam a22004094a 4500 | ||
|---|---|---|---|
| 999 |
_c129953 _d129953 |
||
| 001 | 13986283 | ||
| 003 | ARRUPE | ||
| 005 | 20191112090443.0 | ||
| 008 | 050531s2005 enka b 001 0 eng | ||
| 010 | _a 2005050266 | ||
| 015 |
_aGBA563412 _2bnb |
||
| 016 | 7 |
_a013261873 _2Uk |
|
| 020 | _a1842776967 | ||
| 020 | _a1842776975 (pbk.) | ||
| 035 | _a(OCoLC)ocm60589211 | ||
| 040 |
_aDLC _cDLC _dOCLCQ _dBWKUK _dBAKER _dUKM _dYUS _dCOO _dOCLCQ _dDLC _dWaU |
||
| 042 | _apcc | ||
| 043 | _af-sj--- | ||
| 050 | 0 | 0 |
_aDT157.673 _b.F58 2005 |
| 082 | 0 | 0 |
_a962.704/3 _222 |
| 100 | 1 |
_aFlint, Julie. _948462 |
|
| 245 | 1 | 0 |
_aDarfur : _ba short history of a long war / _cJulie Flint and Alex de Waal. |
| 260 |
_aLondon ; _aNew York : _bZed Books ; _aCape Town : _bDavid Philip ; _a[London] : _bIn association with International African Institute ; _aNew York : _bDistributed in the USA exclusively by Palgrave Macmillan, _c2005. |
||
| 300 |
_axiv, 152 p. : _bill. ; _c21 cm. |
||
| 504 | _aIncludes bibliographical references (p. [147]-149) and index. | ||
| 651 | 0 |
_aSudan _xHistory _yDarfur Conflict, 2003- _948463 |
|
| 651 | 0 |
_aSudan _xHistory _yCivil War, 1983-2005. _931148 |
|
| 651 | 0 |
_aDarfur (Sudan) _xHistory. _91472 |
|
| 700 | 1 |
_aDe Waal, Alexander. _948464 |
|
| 710 | 2 |
_aInternational African Institute. _93663 |
|
| 856 | 4 | 2 |
_3Contributor biographical information _uhttp://www.loc.gov/catdir/enhancements/fy0662/2005050266-b.html |
| 856 | 4 | 2 |
_3Publisher description _uhttp://www.loc.gov/catdir/enhancements/fy0662/2005050266-d.html |
| 856 | 4 | 1 |
_3Table of contents only _uhttp://www.loc.gov/catdir/enhancements/fy0662/2005050266-t.html |
| 906 |
_a7 _bcbc _corignew _d1 _eocip _f20 _gy-gencatlg |
||
| 942 |
_2lcc _cMONOGRAPH |
||